Katse rekonstrueerida Siksali 14. sajandi mehe rõivastus
| Titel: | Katse rekonstrueerida Siksali 14. sajandi mehe rõivastus |
|---|---|
| Verfasser: | |
| Beteiligt: | ; |
| In: |
Eesti arheoloogia ajakiri, Band 4 (2000), Seite 31-43, 9 Abb. bzw. Zeichn. alle Artikel anzeigen |
| Veröffentlicht: | 2000 |
| Format: | Aufsatz |
| Sprache: | Estnisch |
X
alg: 39292647 001A $01999:11-11-16 001B $01999:22-05-21 $t21:51:09.000 001D $01999:11-11-16 001U $0utf8 001X $00 002@ $0Aox 003@ $0392926474 007A $0392926474 $aHEB 007T $0Herde15857 010@ $aest 011@ $a2000 021A $aKatse rekonstrueerida Siksali 14. sajandi mehe rõivastus 028A $aKaarma $dMelanie 028B/01 $aLaul $dSilvia 028B/02 $aPeets $dHeige 031A $d4 $h31-43, 9 Abb. bzw. Zeichn. $j2000 037A $aestn. Res. 31; engl. Res. 41-43: Attempt to reconstruct the costume of a 14th century Siksali man 039B $aIn $8--Abvc--. Eesti arheoloogia ajakiri. - Tallinn : Teaduste Akadeemia Kirjastus, 1997-2003. - ISSN 1406-2933 $x200000000040000969 $9091024889 045F $a307.094798 $eDDC23BSB 045F/01 $a307.09 045F/03 $g4798 045T $a7,44 lok: 39292647 78 exp: 39292647 78 1 #EPN 201B/01 $019-04-17 $t11:41:52.000 201U/01 $0utf8 203@/01 $0789036746 208@/01 $a11-11-16 $be 209A/01 $a/ $f000 $x00 220C/01 $aTitelaufnehmer: pk 220C/01 $aHerkunft: Baltische Bibliographie / P. Kaegbein 244Z/01 $2Trx $#Estija $#Igaunija $#Estland $#Estonia $#Estonia $#Estónsko $#Estonsko $8--Trx--Eesti $x01 $9391237225 244Z/01 $2Trx $#Siksal Salishof $#Siksälä $8--Trx--Siksali$gSaaluse $x02 $9391236261 244Z/01 $aGeschichte 1300-1400 $x03 244Z/01 $2Trx $#hauad arheoloogia $#kapai archeologija $#Graves archaeology $#sírásók régészet $#archeologia, pochówki $#archeológia, hroby $#archeologie, hroby $#groby archeologia $8--Trx--Gräber$gArchäologie $x04 $9391372920 244Z/01 $2Trx $#rahvarõivad $#tautiniai drabužiai $#Costumes $#ruhaviseletek $#stroje ludowe $#kroje $#kroje lidové $#Volkstrachten $#ľudové kroje $8--Trx--Trachten $x05 $9391369784 244Z/01 $2Trx $#riietus $#drabužiai $#clothing $#ruházat $#ubiory $#odev $#oděv $#Uniformen $#oblečenie $#oblečení $8--Trx--Kleidung $x06 $9391362445 244Z/01 $2Trx $8--Trx--Zeitschriftenaufsatz $x07 $9391384341 245Z/01 $a13.03 $x01 245Z/01 $a05.03 $x02 247C/01 $82080>Marburg/Lahn, Herder-Institut, Forschungsbibliothek, Bibliographieportal $9336309341
| LEADER | 00000caa a22000002c 4500 | ||
|---|---|---|---|
| 001 | 392926474 | ||
| 003 | DE-603 | ||
| 005 | 20210522215109.0 | ||
| 007 | tu | ||
| 008 | 161111s2000 xx |||| | u00||u|est c | ||
| 035 | |a (DE-599)HEB392926474 | ||
| 040 | |a DE-603 |b ger |c DE-603 |d DE-603 | ||
| 041 | |a est | ||
| 082 | 0 | 4 | |8 1\u |a 307.094798 |q DE-101 |2 23/BSB |
| 084 | |a 7,44 |2 ssgn | ||
| 085 | |8 1\u |b 307.09 | ||
| 085 | |8 1\u |z 2 |s 4798 | ||
| 100 | 1 | |a Kaarma, Melanie | |
| 245 | 0 | 0 | |a Katse rekonstrueerida Siksali 14. sajandi mehe rõivastus |
| 264 | 0 | |c 2000 | |
| 500 | |a estn. Res. 31; engl. Res. 41-43: Attempt to reconstruct the costume of a 14th century Siksali man | ||
| 700 | 1 | |a Laul, Silvia | |
| 700 | 1 | |a Peets, Heige | |
| 773 | 0 | 8 | |i In |t Eesti arheoloogia ajakiri |d Tallinn : Teaduste Akadeemia Kirjastus, 1997-2003 |x 1406-2933 |g Band 4 (2000), Seite 31-43, 9 Abb. bzw. Zeichn. |w (DE-603)091024889 |w (DE-600)2010992-1 |
| 924 | 0 | |9 2080 |a (DE-603)789036746 |b DE-2080 |c HES |d d |g / | |


